Architect's essentials of contract negotiation (Record no. 102144)
[ view plain ]
| 000 -LEADER | |
|---|---|
| fixed length control field | 00918cam a2200253 4500 |
| 008 - FIXED-LENGTH DATA ELEMENTS--GENERAL INFORMATION | |
| fixed length control field | 020628n2002 000 0 eng u |
| 020 ## - INTERNATIONAL STANDARD BOOK NUMBER | |
| International Standard Book Number | 0471443654 |
| 035 ## - SYSTEM CONTROL NUMBER | |
| System control number | (Sirsi) u118566 |
| 050 ## - LIBRARY OF CONGRESS CALL NUMBER | |
| Classification number | 692.8 |
| 100 ## - MAIN ENTRY--PERSONAL NAME | |
| Personal name | Abramowitz, A. |
| 245 ## - TITLE STATEMENT | |
| Title | Architect's essentials of contract negotiation |
| 260 ## - PUBLICATION, DISTRIBUTION, ETC. | |
| Place of publication, distribution, etc. | New York |
| Name of publisher, distributor, etc. | Wiley |
| Date of publication, distribution, etc. | 2002 |
| 300 ## - PHYSICAL DESCRIPTION | |
| Extent | xvi,286p. |
| Dimensions | 30cm |
| 350 ## - PRICE (NR) (BK AM CF MU VM SE) [OBSOLETE] | |
| Price | 35.30 |
| 490 ## - SERIES STATEMENT | |
| Series statement | Architect's Essentials of Practice Management |
| 520 ## - SUMMARY, ETC. | |
| Summary, etc. | American text, aimed at architects but relevant to clients and other construction professionals, presenting the various approaches to negotiating a well-negotiated contract. |
| 650 ## - SUBJECT ADDED ENTRY--TOPICAL TERM | |
| Topical term or geographic name entry element | BUILT ENVIRONMENT-BUILDING CONTRACT FORMS |
| 650 ## - SUBJECT ADDED ENTRY--TOPICAL TERM | |
| Topical term or geographic name entry element | CONTRACT NEGOTIATIONS |
| 650 ## - SUBJECT ADDED ENTRY--TOPICAL TERM | |
| Topical term or geographic name entry element | Contracts |
| 9 (RLIN) | 6232 |
| 650 ## - SUBJECT ADDED ENTRY--TOPICAL TERM | |
| Topical term or geographic name entry element | UNITED STATES |
| 690 ## - LOCAL SUBJECT ADDED ENTRY--TOPICAL TERM (OCLC, RLIN) | |
| Topical term or geographic name as entry element | BUILT ENVIRONMENT-BUILDING CONTRACT FORMS |
| 710 ## - ADDED ENTRY--CORPORATE NAME | |
| Corporate name or jurisdiction name as entry element | American Institute of Architects |
| 9 (RLIN) | 3839 |
| 942 ## - ADDED ENTRY ELEMENTS (KOHA) | |
| Suppress in OPAC | 0 |
| Withdrawn status | Lost status | Source of classification or shelving scheme | Damaged status | Not for loan | Home library | Current library | Shelving location | Date acquired | Cost, normal purchase price | Total Checkouts | Full call number | Barcode | Date last seen | Date last checked out | Copy number | Cost, replacement price | Price effective from | Koha item type |
|---|---|---|---|---|---|---|---|---|---|---|---|---|---|---|---|---|---|---|
| Dewey Decimal Classification | London | London | Books | 15/07/2002 | 19.12 | 14 | 692.8 ABR | 30066237 | 06/08/2019 | 06/04/2008 | 1 | 19.12 | 06/08/2019 | Book |